000
00327nam a22001457a 4500
003
OSt
005
20160727222406.0
008
160623b xxu||||| |||| 00| 0 eng d
040
_c
TEST
100
_9
847
_a
Sachs, M
245
_a
Glass Pictures
260
_a
N.Y
_b
E.P. Dutton
_c
1980
300
_a
Glass Pictures
942
_2
ddc
_c
BK
999
_c
673
_d
673